000 01319pam a2200361 ib4500
001 4344081
003 EG-ScBUE
005 20250428105921.0
008 891128t2001 flua f b 001 0 eng d
020 _a1584880473 (volume 3)
020 _a9781584880479
040 _aEG-ScBUE
_beng
_erda
_cEG-ScBUE
_dEG-ScBUE
082 0 4 _a530.142
_222
_bFUR
245 0 0 _aFurther advances in twistor theory.
_nvolume 3,
_pCurved twistor spaces /
_cL. J. Mason, St Peter's College and the Mathematical Institute, Oxford [and three others] (editors)
246 3 0 _aCurved twistor spaces
264 1 _aBoca Raton :
_bChapman & Hall/CRC,
_c[2001]
264 4 _cc2001
300 _a405 pages :
_billustrations ;
_c24 cm.
336 _2rdacontent
_atext
_btxt
337 _aunmediated
_2rdamedia
_bn
338 _avolume
_bnc
_2rdacarrier
490 0 _aChapman & Hall/CRC research notes in mathematics ;
_v424
500 _aVol. 3 published: Boca Raton : Chapman & Hall/CRC.
504 _aIncludes bibliographical references and index.
650 7 _aTwistor theory.
_96163
_2BUEsh
655 _vReading book
700 1 _aMason, L. J.
_q(Lionel J.)
_96164
_eeditor.
700 1 _aHughston, L. P.,
_d1951-
_96165
_eeditor.
700 1 _aKopak, P. Z.
_eeditor.
700 1 _aPulverer, K.
_eeditor.
942 _2ddc
_cBB
999 _c11828
_d11828